Параграф 78. Жребий брошен: по мотивам одноименных рассказов И. И. Охлобыстина и написанного на основе рассказов сценария М. Л. Хлебородова

Bibliografske podrobnosti
Glavni avtor: Лазарчук А. Андрей
Izvleček:В недалеком будущем, когда общими усилиями удалось свести к нулю саму возможность военных конфликтов, команда бывших спецназовцев — последних профессионалов своего дела — вынуждена объединиться вновь для выполнения тайной миссии. Они не должны допустить, чтобы на свободу вырвался новейший боевой вирус. Но события развиваются совершенно непредсказуемо, и под сводами строго засекреченной военной базы вступает в свои права суровый и непререкаемый Параграф Экспедиционного Устава. Параграф 78.
Jezik:ruščina
Izdano: Москва, Эксмо, 2007
Teme:
Format: MixedMaterials Knjiga
KOHA link:https://koha.lib.tpu.ru/cgi-bin/koha/opac-detail.pl?biblionumber=114006

MARC

LEADER 00000nam0a2200000 4500
001 114006
005 20231031122055.0
010 |a 9785699206186 
035 |a (RuTPU)RU\TPU\book\123281 
090 |a 114006 
100 |a 20070418d2007 m y0rusy50 ca 
101 0 |a rus 
102 |a RU 
105 |a y z 000ay 
200 1 |a Параграф 78. Жребий брошен  |e по мотивам одноименных рассказов И. И. Охлобыстина и написанного на основе рассказов сценария М. Л. Хлебородова  |f А. Лазарчук 
210 |a Москва  |c Эксмо  |d 2007 
215 |a 320 с. 
330 |a В недалеком будущем, когда общими усилиями удалось свести к нулю саму возможность военных конфликтов, команда бывших спецназовцев — последних профессионалов своего дела — вынуждена объединиться вновь для выполнения тайной миссии. Они не должны допустить, чтобы на свободу вырвался новейший боевой вирус. Но события развиваются совершенно непредсказуемо, и под сводами строго засекреченной военной базы вступает в свои права суровый и непререкаемый Параграф Экспедиционного Устава. Параграф 78. 
610 1 |a русская литература 
610 1 |a романы 
610 1 |a сценарии 
610 1 |a фантастика 
675 |a Р2  |v 3 
700 1 |a Лазарчук  |b А.  |g Андрей 
801 1 |a RU  |b 63413507  |c 20070418  |g PSBO 
801 2 |a RU  |b 63413507  |c 20070522  |g PSBO 
942 |c BK